|
|
|
|
| LEADER |
01470nam a22002777a 4500 |
| 001 |
40206 |
| 003 |
BD-DhAAL |
| 008 |
221218r19981964ii ||||| |||| 00| 0 ben d |
| 999 |
|
|
|c 45207
|d 45207
|
| 020 |
|
|
|a 8185626189 (set)
|
| 020 |
|
|
|a 8185626197 (Vol-1)
|
| 040 |
|
|
|a BD-DhAAL
|c BD-DhAAL
|
| 041 |
|
|
|a ben
|
| 082 |
|
|
|a 891.442
|2 23
|
| 100 |
|
|
|a রায়, দ্বিজেন্দ্রলাল
|9 52656
|
| 245 |
|
|
|a দ্বিজেন্দ্র রচনাবলী :
|b সমগ্র রচনাবলী দুইখন্ডে সম্পূর্ণ,
|n প্রথম খণ্ড /
|c দ্বিজেন্দ্রলাল রায় ; রথীন্দ্রনাথ রায় সম্পাদিত
|
| 246 |
|
|
|a Dwijendra Rachanabali :
|b collected works of Dwijendralal Roy
|
| 260 |
|
|
|a কলকাতা :
|b সাহিত্য সংসদ,
|c ১৯৬৪ (ষষ্ঠ মুদ্রণ ১৯৯৮).
|
| 300 |
|
|
|a (ছেচল্লিশ), ৭১২ পৃষ্ঠা ;
|c ২২ সে.মি.
|
| 362 |
|
|
|a প্রথম খণ্ড
|
| 541 |
|
|
|a Donated By Akbar Ali Khan
|e 40206
|
| 650 |
|
|
|a Bengali drama.
|9 52657
|
| 650 |
|
|
|a Bengali literature.
|9 52658
|
| 852 |
|
|
|a Ayesha Abed Library
|c Akbar Ali Khan Collection
|
| 942 |
|
|
|2 ddc
|c BK
|
| 952 |
|
|
|0 0
|1 0
|2 ddc
|4 0
|6 891_442000000000000_ROY
|7 1
|9 72525
|a BRACUL
|b BRACUL
|c AAKC
|d 2022-12-18
|e Donated by Akbar Ali Khan
|g 135.00
|l 0
|o 891.442 ROY
|p 3010040206
|r 2022-12-18
|t 1
|w 2022-12-18
|y BK
|